000 00318nam a22001337a 4500
008 190129b xxu||||| |||| 00| 0 eng d
020 _a9780205503476
041 _aeng
080 _26th
_a321
100 _a19
101 _aSHP
245 _aSocial Welfare Politics and Public Policy
_cDiNitto,D.M
942 _2udc
_cBK
999 _c53870
_d53870